MARC details
| 000 -LEADER |
| fixed length control field |
02373cam a2200649 i 4500 |
| 001 - CONTROL NUMBER |
| control field |
22801 |
| 003 - CONTROL NUMBER IDENTIFIER |
| control field |
CZ PrNK |
| 005 - DATE AND TIME OF LATEST TRANSACTION |
| control field |
20260428083428.0 |
| 007 - PHYSICAL DESCRIPTION FIXED FIELD--GENERAL INFORMATION |
| fixed length control field |
ta |
| 008 - FIXED-LENGTH DATA ELEMENTS--GENERAL INFORMATION |
| fixed length control field |
191205s2019 xr acf e 000 0bcze d |
| 015 ## - NATIONAL BIBLIOGRAPHY NUMBER |
| National bibliography number |
cnb003166243 |
| 020 ## - INTERNATIONAL STANDARD BOOK NUMBER |
| International Standard Book Number |
9788087685822 |
| Qualifying information |
(vázáno) |
| 035 ## - SYSTEM CONTROL NUMBER |
| System control number |
(OCoLC)1350559444 |
| 040 ## - CATALOGING SOURCE |
| Original cataloging agency |
KLG001 |
| Language of cataloging |
cze |
| Modifying agency |
BOA001 |
| -- |
ABA001 |
| Description conventions |
rda |
| 043 ## - GEOGRAPHIC AREA CODE |
| Geographic area code |
e-xr--- |
| 045 ## - TIME PERIOD OF CONTENT |
| Time period code |
x3y1 |
| 072 #7 - SUBJECT CATEGORY CODE |
| Subject category code |
78.07 |
| Subject category code subdivision |
Hudebníci, skladatelé a jiná hudební povolání |
| Source |
Konspekt |
| 072 #7 - SUBJECT CATEGORY CODE |
| Subject category code |
929 |
| Subject category code subdivision |
Biografie |
| Source |
Konspekt |
| 080 ## - UNIVERSAL DECIMAL CLASSIFICATION NUMBER |
| Universal Decimal Classification number |
78.03.011.26.071.2 |
| Edition identifier |
MRF |
| 080 ## - UNIVERSAL DECIMAL CLASSIFICATION NUMBER |
| Universal Decimal Classification number |
78.03.011.26 |
| Edition identifier |
MRF |
| 080 ## - UNIVERSAL DECIMAL CLASSIFICATION NUMBER |
| Universal Decimal Classification number |
929 |
| Edition identifier |
MRF |
| 080 ## - UNIVERSAL DECIMAL CLASSIFICATION NUMBER |
| Universal Decimal Classification number |
(437.3) |
| Edition identifier |
MRF |
| 080 ## - UNIVERSAL DECIMAL CLASSIFICATION NUMBER |
| Universal Decimal Classification number |
(092) |
| Edition identifier |
MRF |
| 080 ## - UNIVERSAL DECIMAL CLASSIFICATION NUMBER |
| Universal Decimal Classification number |
(047.53) |
| Edition identifier |
MRF |
| 100 1# - MAIN ENTRY--PERSONAL NAME |
| Personal name |
Čermáková, Dana, |
| Dates associated with a name |
1960- |
| Relationship |
aut |
| 245 10 - TITLE STATEMENT |
| Title |
Karel : |
| Remainder of title |
žije dál... / |
| Statement of responsibility, etc. |
Dana a Petr Čermákovi |
| 246 3# - VARYING FORM OF TITLE |
| Title proper/short title |
Karel žije dál... |
| 250 ## - EDITION STATEMENT |
| Edition statement |
První vydání |
| 264 #1 - PRODUCTION, PUBLICATION, DISTRIBUTION, MANUFACTURE, AND COPYRIGHT NOTICE |
| Place of production, publication, distribution, manufacture |
[Praha] : |
| Name of producer, publisher, distributor, manufacturer |
Imagination of People, |
| Date of production, publication, distribution, manufacture, or copyright notice |
2019 |
| 300 ## - PHYSICAL DESCRIPTION |
| Extent |
191 stran, xlvi stran obrazových příloh : |
| Other physical details |
ilustrace (převážně barevné), portréty ; |
| Dimensions |
24 cm + |
| Accompanying material |
1 plakát (88 x 64 cm složeno na 22 x 16 cm) |
| 336 ## - CONTENT TYPE |
| Content type term |
text |
| Content type code |
txt |
| Source |
rdacontent |
| 337 ## - MEDIA TYPE |
| Media type term |
bez média |
| Media type code |
n |
| Source |
rdamedia |
| 338 ## - CARRIER TYPE |
| Carrier type term |
svazek |
| Carrier type code |
nc |
| Source |
rdacarrier |
| 338 ## - CARRIER TYPE |
| Carrier type term |
list |
| Carrier type code |
nb |
| Source |
rdacarrier |
| 490 1# - SERIES STATEMENT |
| Series statement |
Portréty |
| 504 ## - BIBLIOGRAPHY, ETC. NOTE |
| Bibliography, etc. note |
Obsahuje bibliografii a bibliografické odkazy |
| 600 17 - SUBJECT ADDED ENTRY--PERSONAL NAME |
| Personal name |
Gott, Karel, |
| Dates associated with a name |
1939-2019 |
| Source of heading or term |
czenas |
| 648 #4 - SUBJECT ADDED ENTRY--CHRONOLOGICAL TERM |
| Chronological term |
1939-2019 |
| 648 #7 - SUBJECT ADDED ENTRY--CHRONOLOGICAL TERM |
| Chronological term |
20.-21. století |
| Source of heading or term |
czenas |
| 650 07 - SUBJECT ADDED ENTRY--TOPICAL TERM |
| Topical term or geographic name entry element |
populární zpěváci |
| Geographic subdivision |
Česko |
| Chronological subdivision |
20.-21. století |
| Source of heading or term |
czenas |
| 650 07 - SUBJECT ADDED ENTRY--TOPICAL TERM |
| Topical term or geographic name entry element |
populární zpěváci |
| General subdivision |
přátelé a spolupracovníci |
| Source of heading or term |
czenas |
| 650 07 - SUBJECT ADDED ENTRY--TOPICAL TERM |
| Topical term or geographic name entry element |
populární zpěváci |
| General subdivision |
partnerské a rodinné vztahy |
| Source of heading or term |
czenas |
| 650 07 - SUBJECT ADDED ENTRY--TOPICAL TERM |
| Topical term or geographic name entry element |
populární hudba |
| Geographic subdivision |
Česko |
| Chronological subdivision |
20.-21. století |
| Source of heading or term |
czenas |
| 650 09 - SUBJECT ADDED ENTRY--TOPICAL TERM |
| Topical term or geographic name entry element |
popular singers |
| Geographic subdivision |
Czechia |
| Chronological subdivision |
20th-21st centuries |
| Source of heading or term |
eczenas |
| 650 09 - SUBJECT ADDED ENTRY--TOPICAL TERM |
| Topical term or geographic name entry element |
popular singers |
| General subdivision |
friends and associates |
| Source of heading or term |
eczenas |
| 650 09 - SUBJECT ADDED ENTRY--TOPICAL TERM |
| Topical term or geographic name entry element |
popular singers |
| General subdivision |
partner and family relationships |
| Source of heading or term |
eczenas |
| 650 09 - SUBJECT ADDED ENTRY--TOPICAL TERM |
| Topical term or geographic name entry element |
popular music |
| Geographic subdivision |
Czechia |
| Chronological subdivision |
20th-21st centuries |
| Source of heading or term |
eczenas |
| 655 #7 - INDEX TERM--GENRE/FORM |
| Genre/form data or focus term |
biografie |
| Source of term |
czenas |
| 655 #7 - INDEX TERM--GENRE/FORM |
| Genre/form data or focus term |
rozhovory |
| Source of term |
czenas |
| 655 #9 - INDEX TERM--GENRE/FORM |
| Genre/form data or focus term |
biography |
| Source of term |
eczenas |
| 655 #9 - INDEX TERM--GENRE/FORM |
| Genre/form data or focus term |
interviews |
| Source of term |
eczenas |
| 700 1# - ADDED ENTRY--PERSONAL NAME |
| Personal name |
Čermák, Petr, |
| Dates associated with a name |
1956- |
| Relationship |
aut |
| 830 #0 - SERIES ADDED ENTRY--UNIFORM TITLE |
| Uniform title |
Portréty (Imagination of People) |
| 901 ## - LOCAL DATA ELEMENT A, LDA (RLIN) |
| b |
9788087685822 |
| f |
1. vydání |
| o |
20221017 |
| 910 ## - USER-OPTION DATA (OCLC) |
| User-option data |
ABA001 |
| 942 ## - ADDED ENTRY ELEMENTS (KOHA) |
| Source of classification or shelving scheme |
Dewey Decimal Classification |
| Koha item type |
Krásna literatúra pre dospelých |
| Suppress in OPAC |
No |